| 000 | 01317cam a22003737i 4500 | ||
|---|---|---|---|
| 999 |
_c126807 _d126807 |
||
| 001 | 18361073 | ||
| 003 | ARRUPE | ||
| 005 | 20170829103020.0 | ||
| 008 | 141105s2016 cau f b 001 0 eng d | ||
| 010 | _a 2014956137 | ||
| 020 |
_a9781473912984 _q(hbk.) |
||
| 020 |
_a9781473912991 _q(pbk.) |
||
| 020 |
_z1473912989 _q(hbk.) |
||
| 020 |
_z1473912997 _q(pbk.) |
||
| 020 |
_z9781473943995 _q(ebook) |
||
| 035 | _a(OCoLC)ocn930079349 | ||
| 040 |
_aCDX _beng _cCDX _erda _dUKTCC _dOCLCO _dSINIE _dYDXCP _dOCLCF _dYPM _dDTM _dOCLCQ _dLTSCA _dDLC |
||
| 042 | _alccopycat | ||
| 050 | 0 | 0 |
_aBF636.6 _b.N433 2016 |
| 082 | 0 | 4 |
_a361.06 _223 |
| 100 | 1 |
_aNelson-Jones, Richard, _eauthor. _935323 |
|
| 245 | 1 | 0 |
_aBasic counselling skills : _ba helper's manual / _cRichard Nelson-Jones. |
| 250 | _aFourth edition. | ||
| 260 |
_aLondon _bSAGE _c2012 |
||
| 300 |
_aviii, 199 p. ; _c25 cm |
||
| 504 | _aIncludes bibliographical references (pages 179-184) and index. | ||
| 650 | 0 |
_aCounseling. _9319 |
|
| 906 |
_a7 _bcbc _ccopycat _d2 _encip _f20 _gy-gencatlg |
||
| 942 |
_2lcc _cMONOGRAPH |
||